On the possible evolutionary justification of our epistemic capacities (Registro nro. 257627)

Detalles MARC
001 - NÚMERO DE CONTROL
campo de control 783004
005 - FECHA Y HORA DE LA ÚLTIMA TRANSACCIÓN
campo de control 20241025091235.0
008 - DATOS DE LONGITUD FIJA--INFORMACIÓN GENERAL
campo de control de longitud fija 021029e20010701 eng
035 ## - NÚMERO DE CONTROL DEL SISTEMA
Número de control de sistema 783004
035 ## - NÚMERO DE CONTROL DEL SISTEMA
Número de control de sistema (OCoLC)819995883
040 ## - FUENTE DE LA CATALOGACIÓN
Centro/agencia transcriptor comduadb
041 ## - CÓDIGO DE LENGUA
Código de lengua del texto/banda sonora o título independiente eng
100 10 - ENTRADA PRINCIPAL--NOMBRE DE PERSONA
Nombre de persona Cíntora G., Armando
Código de función aut
Término indicativo de función/relación Autor/a
9 (RLIN) 360794
245 10 - MENCIÓN DE TÍTULO
Título On the possible evolutionary justification of our epistemic capacities
650 ## - PUNTO DE ACCESO ADICIONAL DE MATERIA--TÉRMINO DE MATERIA
Término de materia o nombre geográfico como elemento de entrada Epistemologia evolutiva
9 (RLIN) 108641
650 ## - PUNTO DE ACCESO ADICIONAL DE MATERIA--TÉRMINO DE MATERIA
Término de materia o nombre geográfico como elemento de entrada Justificacion
9 (RLIN) 114488
650 ## - PUNTO DE ACCESO ADICIONAL DE MATERIA--TÉRMINO DE MATERIA
Término de materia o nombre geográfico como elemento de entrada Capacidad (Filosofia)
9 (RLIN) 62770
650 #7 - PUNTO DE ACCESO ADICIONAL DE MATERIA--TÉRMINO DE MATERIA
Término de materia o nombre geográfico como elemento de entrada Ciencias de la vida
Fuente del encabezamiento o término lemb
9 (RLIN) 13079
650 #7 - PUNTO DE ACCESO ADICIONAL DE MATERIA--TÉRMINO DE MATERIA
Término de materia o nombre geográfico como elemento de entrada Cognición
Fuente del encabezamiento o término lemb
9 (RLIN) 8995
650 ## - PUNTO DE ACCESO ADICIONAL DE MATERIA--TÉRMINO DE MATERIA
Término de materia o nombre geográfico como elemento de entrada Adaptación biológica
9 (RLIN) 36331
773 0# - ENLACE AL DOCUMENTO FUENTE/ENTRADA DE REGISTRO ANFITRIÓN
Título Ludus Vitalis : Revista de Filosofía de las Ciencias de la Vida (México)
Parte(s) relacionada(s) Vol. 09, No. 16, 2001, p. 27-46
Número de control del registro 778980
Número Internacional Normalizado para Publicaciones Seriadas 1133-5165
Número bibliográfico anfitrión 265373
942 ## - ELEMENTOS DE ENTRADA AGREGADA (KOHA)
Tipo de ítem Koha Artículo de Revista

No hay ítems disponibles.